Money sense : (Record no. 6638)

MARC details
000 -LEADER
fixed length control field 01063nam a2200193 4500
001 - CONTROL NUMBER
control field 7736
005 - DATE AND TIME OF LATEST TRANSACTION
control field 20181127184240.0
020 00 - INTERNATIONAL STANDARD BOOK NUMBER
International Standard Book Number 9789834400408
082 ## - DEWEY DECIMAL CLASSIFICATION NUMBER
Classification number 658
Item number
Edition number
100 00 - MAIN ENTRY--PERSONAL NAME
Personal name Agensi Kaunseling dan Pengurusan Kredit.
245 00 - TITLE STATEMENT
Title Money sense :
Remainder of title getting smart with your money /
Statement of responsibility, etc. Agensi Kaunseling dan Pengurusan Kredit.
Medium
260 00 - PUBLICATION, DISTRIBUTION, ETC.
Place of publication, distribution, etc. Kuala Lumpur :
Name of publisher, distributor, etc. Agensi Kaunseling dan Pengurusan Kredit,
Date of publication, distribution, etc. 2008.
300 00 - PHYSICAL DESCRIPTION
Extent 138 pages : color illustrations ; 21 cm
505 ## - FORMATTED CONTENTS NOTE
Formatted contents note Part A -- Getting Started : Chapter 1 Why everyone needs financial planning; Chapter 2 Power from your money; Chapter 3 Financial products and services -- Part B -- Achieving Your Dreams : Chapter 4 Building your wealth; Chapter 5 Planning for uncertainties -- Part C -- Managing Debt : Chapter 6 Borrowing basics -- Part D -- Real-life Strategies : Chapter 7 Living your life; Chapter 8 Getting out of financial trouble.
Miscellaneous information
Statement of responsibility
Title
650 00 - SUBJECT ADDED ENTRY--TOPICAL TERM
Topical term or geographic name entry element Credit -- Management.
General subdivision
Topical term or geographic name entry element Debt -- Management.
General subdivision
Topical term or geographic name entry element Finance, Personal.
General subdivision
Holdings
Withdrawn status Lost status Source of classification or shelving scheme Damaged status Not for loan Collection code Home library Current library Shelving location Serial Enumeration / chronology Inventory number Total Checkouts Full call number Barcode Date last seen Price effective from Koha item type
    Dewey Decimal Classification     Main TEST RTC Library RTC Library Main opac 11692   658 MON 30011826 27/11/2018 27/11/2018 Main
Royal Thimphu College || All Right Reserved